载入...

Encyclopaedia of U.S. foreign relations (vol.2)/

书目详细资料
其他作者: Bruce W Jentleson (ed.), Thomas G Paterson (ed.)
格式: Printed Book
出版: Oxford: Oxford University Press, 1997.
主题:
LEADER 00722nam a22001811a 4500
020 |a 9780195110579 
082 |a 327.73  |b BRU/E 
245 |a Encyclopaedia of U.S. foreign relations (vol.2)/  |c by Bruce W Jentleson (ed.) and Thomas G Paterson (ed.) 
260 |a Oxford:  |b Oxford University Press,  |c 1997. 
300 |a 490p. 
650 |a Foreign Relation United States  |9 124318 
650 |a Political Science  |9 124319 
650 |a Social Sciences  |9 124320 
700 |a Bruce W Jentleson (ed.)  |9 124321 
700 |a Thomas G Paterson (ed.)  |9 124322 
942 |c BK 
999 |c 13105  |d 13105 
952 |0 0  |1 0  |4 0  |6 R_327_730000000000000_BRU_E  |7 0  |9 18831  |a SSUS  |b SSUS  |d 2015-01-08  |g 3000.00  |o R 327.73 BRU/E  |p 028417  |r 2015-01-08  |v 0.00  |w 2015-01-08  |y REF